Mahatcharita samgraha sagaram - Vol. VII (Record no. 17527)

MARC details
000 -LEADER
fixed length control field 00688nam a2200145Ia 4500
008 - FIXED-LENGTH DATA ELEMENTS--GENERAL INFORMATION
fixed length control field 210327s9999||||xx |||||||||||||| ||und||
040 ## - CATALOGING SOURCE
Transcribing agency STCPL
082 ## - DEWEY DECIMAL CLASSIFICATION NUMBER
Classification number 920.03
Item number KUN-M
245 #0 - TITLE STATEMENT
Title Mahatcharita samgraha sagaram - Vol. VII
Title in other language മഹച്ചരിത സംഗ്രഹസാഗരം - വാല്യം - 7
260 ## - PUBLICATION, DISTRIBUTION, ETC.
Place of publication, distribution, etc. Haripad
Name of publisher, distributor, etc. Minerva Press
Date of publication, distribution, etc. 1969
300 ## - PHYSICAL DESCRIPTION
Extent 1-xxxvii, 1006-1154
650 ## - SUBJECT ADDED ENTRY--TOPICAL TERM
Topical term or geographic name entry element LiteratureINTRODUCTION TO ANALYSIS, DIFFERENTIATION OF FUNCTION, THE EXTREMA OF A FUNCATION AND THE GEOMETRIC APPLICATIONS OF A DERIVATIVE, INDEFINITE INTEGRALS, DIFINITE INTEGRALS, FUNCTIONS OF SEVERAL VARIABLES, MULTIPLE AND LIVE INTEGRALS, SERIES
942 ## - ADDED ENTRY ELEMENTS (KOHA)
Koha item type Books
041 ## - LANGUAGE CODE
Language code of original Malayalam
Holdings
Withdrawn status Lost status Damaged status Not for loan Home library Current library Shelving location Date acquired Cost, normal purchase price Total Checkouts Full call number Barcode Date last seen Price effective from Koha item type
        ST. THOMAS COLLEGE LIBRARY, PALAI ST. THOMAS COLLEGE LIBRARY, PALAI   2021-07-10 5.00   920.03 KUN-M 24918 2021-07-10 2021-07-10 Books
Rights reserved ©2021 ST. THOMAS COLLEGE LIBRARY
A joint venture of - St. Thomas College Library and
Department of Computer Science, St. Thomas Collge Palai